Szempontok az olimpiai eredményesség tehetséges sportföldrajzi vizsgálataihoz
Elmentve itt :
| Szerző: | |
|---|---|
| Dokumentumtípus: | Könyv része |
| Megjelent: |
Dél-alföldi Ifjúsági Életmód és Szabadidő Alapítvány
Szeged
2014
|
| Sorozat: | László Ferenc Sporttudományi Kutatóműhely
1 Tehetségek a sportban : sportszakmai tanulmány-, és szakcikk gyűjtemény 1 |
| Kulcsszavak: | Sportföldrajz, Tehetséggondozás - sport - Magyarország |
| Tárgyszavak: | |
| Online Access: | http://acta.bibl.u-szeged.hu/75419 |
| LEADER | 01061naa a2200253 i 4500 | ||
|---|---|---|---|
| 001 | acta75419 | ||
| 005 | 20220425150940.0 | ||
| 008 | 220425s2014 hu o 0|| hun d | ||
| 020 | |a 978-963-08-8379-5 | ||
| 022 | |a 2064-5821 | ||
| 040 | |a SZTE Egyetemi Kiadványok Repozitórium |b hun | ||
| 041 | |a hun | ||
| 100 | 1 | |a Győri Ferenc | |
| 245 | 1 | 0 | |a Szempontok az olimpiai eredményesség tehetséges sportföldrajzi vizsgálataihoz |h [elektronikus dokumentum] / |c Győri Ferenc |
| 260 | |a Dél-alföldi Ifjúsági Életmód és Szabadidő Alapítvány |b Szeged |c 2014 | ||
| 300 | |a 91-101 | ||
| 490 | 0 | |a László Ferenc Sporttudományi Kutatóműhely |v 1 | |
| 490 | 0 | |a Tehetségek a sportban : sportszakmai tanulmány-, és szakcikk gyűjtemény |v 1 | |
| 650 | 4 | |a Orvos- és egészségtudomány | |
| 650 | 4 | |a Egészségtudományok | |
| 650 | 4 | |a Társadalomtudományok | |
| 650 | 4 | |a Oktatástudomány | |
| 695 | |a Sportföldrajz, Tehetséggondozás - sport - Magyarország | ||
| 856 | 4 | 0 | |u http://acta.bibl.u-szeged.hu/75419/1/sporttudomany_001_091-101.pdf |z Dokumentum-elérés |